000 00881cab a2200253 4500
001 X95946
008 090401t1998 xxu||||| |||| 00| 0 eng d
035 _a(Sirsi) u90579
041 _aeng
245 _aRopaigealach v Barclays Bank plc
260 _c1998
350 _a0
490 _aNew Property Cases
_v[1998] NPC 167
520 _aCA 18 December 1998. The Administration of Justice Act 1970 s36 gives no assistance to the borrower where the lender exercises self help and does not seek a possession order from the court. Headnote from journal - No photocopying allowed.
650 _aADMINISTRATION OF JUSTICE ACT 1970 S36
650 _aMORTGAGE ARREARS
650 _aMORTGAGE LENDERS
650 _aPOSSESSION ORDERS
650 _aPROTECTION
650 _aROPAIGEALACH V BARCLAYS BANK PLC
690 _aHOUSING-CASE LAW
942 _n0
948 _c07/01/1999
999 _c57441
_d57441